00459nam a22001697a 4500020001800000082001200018100001900030100001600049245004100065260002600106300000800132650001200140650001500152942000700167999001500174952010000189 a9780495477594 a530 SER aSerway,Raymond aJewett,John aPhysics for Scientists and Engineers a MasonbCengagec2008 a361 aphysics aScientists cBK c3799d3799 0010708NFICaMLCampusbMLCampuscGENd2016-12-15l0o530 SERp007152r2022-11-17 00:00:00yBK